Year one : (Record no. 832)

MARC details
000 -LEADER
fixed length control field 00724cam a2200205 4500
001 - CONTROL NUMBER
control field 1184
003 - CONTROL NUMBER IDENTIFIER
control field OCoLC
005 - DATE AND TIME OF LATEST TRANSACTION
control field 20181127162842.0
008 - FIXED-LENGTH DATA ELEMENTS--GENERAL INFORMATION
fixed length control field 950913r19951994nyu 000 0deng d
020 ## - INTERNATIONAL STANDARD BOOK NUMBER
International Standard Book Number 0380725592 (pbk.)
043 ## - GEOGRAPHIC AREA CODE
Geographic area code n-us-ma
100 1# - MAIN ENTRY--PERSONAL NAME
Personal name Reid, Robert,
Dates associated with a name 1965-
245 10 - TITLE STATEMENT
Title Year one :
Remainder of title an intimate look inside Harvard Business School, /
Statement of responsibility, etc. Robert Reid.
260 ## - PUBLICATION, DISTRIBUTION, ETC.
Place of publication, distribution, etc. New York :
Name of publisher, distributor, etc. Avon Books,
Date of publication, distribution, etc. 1995.
300 ## - PHYSICAL DESCRIPTION
Extent 331 p. ;
Dimensions 21 cm.
500 ## - GENERAL NOTE
General note Orignially published: New York : W, Morrow, 1994.
600 10 - SUBJECT ADDED ENTRY--PERSONAL NAME
Personal name Reid, Robert,
Dates associated with a name 1965-
610 20 - SUBJECT ADDED ENTRY--CORPORATE NAME
Corporate name or jurisdiction name as entry element Harvard University.
Subordinate unit Graduate School of Business Administration
General subdivision Students
-- Biography.
Corporate name or jurisdiction name as entry element Harvard University.
Subordinate unit Graduate School of Business Administration.
Holdings
Withdrawn status Lost status Source of classification or shelving scheme Damaged status Not for loan Collection code Home library Current library Shelving location Serial Enumeration / chronology Inventory number Total Checkouts Full call number Barcode Date last seen Price effective from Koha item type
    Dewey Decimal Classification     Main TEST RTC Library RTC Library Main opac 1463   920 REI 30003246 27/11/2018 27/11/2018 Main
Royal Thimphu College || All Right Reserved